000
00235nam a22000977a 4500
008
160512b xxu||||| |||| 00| 0 eng d
041
_a
eng
080
_a
61
245
_a
The chemical biology of fishes :
_c
R. Malcom Love;
942
_2
udc
_c
BK
999
_c
2085
_d
2085